00701nam a2200229 a 4500001001300000003000900013005001700022008004100039020000800080082001600088245004300104260004600147300000800193500003500201505003300236650001800269710004200287902000800329942000700337952011200344999001500456nice12345678IN_TiNIC20260116011409.0050524s1957 u sa grp 000 0 eng  ac000a270.82bNCC aEcumenical Conversations, on the Theme aU S abNational Council of Churchesc1957 a48p aincludes index and biblioraphy2 aMethodist church west africa aEcumenicalism2 aNational Christian Council ofChurches bSRS cBK 001040708StackRoom-aHMIbHMId2005-05-24g0.00l0o270.82 NCCp01963r2005-05-24v0.00w2005-05-24yBK c1171d1171